000
00310nam a22001457a 4500
008
231102b ||||| |||| 00| 0 eng d
020
_a
0716700921
041
_a
eng
080
_a
575
082
_a
575FRE
100
_a
13
101
_a
BIOKIMI
245
_a
RECOMBIANT DNA
_c
FREIFELDER.D
942
_2
udc
_c
BK
999
_c
60488
_d
60488